| 000 | 01249nam a2200337 a 4500 | ||
|---|---|---|---|
| 001 | ebr10218320 | ||
| 003 | CaPaEBR | ||
| 006 | m u | ||
| 007 | cr cn||||||||| | ||
| 008 | 080916s2001 enk sb 001 0 eng | ||
| 010 | _z 2002319090 | ||
| 020 | _z0761956360 | ||
| 020 | _z0761956379 (PBK) | ||
| 040 |
_aCaPaEBR _cCaPaEBR |
||
| 035 | _a(OCoLC)294960039 | ||
| 050 | 1 | 4 |
_aJS3000 _b.J64 2001eb |
| 082 | 0 | 4 |
_a320.8/094 _221 |
| 100 | 1 |
_aJohn, Peter, _d1960- |
|
| 245 | 1 | 0 |
_aLocal governance in Western Europe _h[electronic resource] / _cPeter John. |
| 260 |
_aLondon ; _aThousand Oaks, Calif. : _bSAGE, _c2001. |
||
| 300 | _axii, 202 p. | ||
| 490 | 1 | _aSage politics texts | |
| 504 | _aIncludes bibliographical references and index. | ||
| 533 |
_aElectronic reproduction. _bPalo Alto, Calif. : _cebrary, _d2013. _nAvailable via World Wide Web. _nAccess may be limited to ebrary affiliated libraries. |
||
| 650 | 0 |
_aLocal government _zEurope, Western. |
|
| 650 | 0 | _aComparative government. | |
| 655 | 7 |
_aElectronic books. _2local |
|
| 710 | 2 | _aebrary, Inc. | |
| 830 | 0 | _aSage politics texts. | |
| 856 | 4 | 0 |
_uhttp://site.ebrary.com/lib/rucke/Doc?id=10218320 _zAn electronic book accessible through the World Wide Web; click to view |
| 999 |
_c129678 _d129678 |
||